000 00894nam a22001937a 4500
999 _c62471
_d62471
003 Ge_BSU
005 20241122120807.0
008 241115s1969 ge ||||| |||| 00| 0 geo d
041 _ageo
080 _a616.89(73)(092) კ-86
100 _aკრუი, პოლ დე
_923699
245 _aსიგიჟესთან მებრძოლი კაცი :
_b[ფსიქიატრი ჯერი ფერგიუსონი] /
_c პოლ დე კრუი ; ინგლ. თარგმნა ფ. ბერიძემ.
264 _aთბილისი :
_b საბჭ. საქართველო,
_c1969.
300 _a246 გვ. ;
_b21 სმ.
653 _aამერიკელი ფსიქიატრები.
653 _aმედიცინა
700 _aბერიძე, ფ.
_eმთარგმნელი.
_93766
942 _2udc
_cBK